Normal view
MARC view
Entry Topical Term
001 - CONTROL NUMBER
- control field: 6456
003 - CONTROL NUMBER IDENTIFIER
- control field: BD-RjUL
005 - DATE AND TIME OF LATEST TRANSACTION
- control field: 20221228124956.0
008 - FIXED-LENGTH DATA ELEMENTS
- fixed length control field: 221228|| aca||aabn | a|a d
040 ## - CATALOGING SOURCE
- Original cataloging agency: BD-RjUL
- Transcribing agency: BD-RjUL
150 ## - HEADING--TOPICAL TERM
- Topical term or geographic name entry element: ভূগোল
- Geographic subdivision: বাংলাদেশ
670 ## - SOURCE DATA FOUND
- Source citation: Work cat.: (BD-RjUL)80904: রুমী, সৈয়দ রফিকুল আলম 6170, বাংলাদেশ ভূগোল পরিচিতি /, ২০২২